00517nam a2200169Ia 4500008004000000020001800040082001800058100001900076245001600095260003100111300000800142650000900150690002100159906001100180999001700191952013900208210210b1984 xxu||||| |||| 00| 0 eng d a0 671 50064 3 a613.7046 FINY aFINGER (Alan). aYoga moves. aNYbSimon & Schusterc1984 a174 aYoga aPhysical Fitness a042251 c91787d91787 001040708medical scienceaALbALcmedical scienced2021-02-17g50.00l0o613.7046 FINYp042251r2021-02-17 00:00:00w2021-02-17yBK